Normal view
MARC view
Entry Personal Name
001 - CONTROL NUMBER
- control field: 17461
003 - CONTROL NUMBER IDENTIFIER
- control field: ARRUPE
005 - DATE AND TIME OF LATEST TRANSACTION
- control field: 20150422121632.0
008 - FIXED-LENGTH DATA ELEMENTS
- fixed length control field: 150422|| aca||aabn | a|a d
040 ## - CATALOGING SOURCE
- Original cataloging agency: ARRUPE
- Transcribing agency: ARRUPE
100 ## - HEADING--PERSONAL NAME
- Personal name: Thomas,
- Titles and other words associated with a name: Aquinas, Saint,
- Dates associated with a name: 1225?-1274.
670 ## - SOURCE DATA FOUND
- Source citation: Work cat.: (ARRUPE)0: McInerny, Ralph, 1929-2010. 17459, Boethius and Aquinas /, 2012